[Event "Enschede op-C U14"]
[Site "Enschede"]
[Date "2009.08.07"]
[Round "7"]
[White "Ingelaere, Tijl"]
[Black "Van Blitterswijk, Martijn"]
[Result "1-0"]
[WhiteElo "1136"]
[BlackElo "1638"]
[PlyCount "33"]
[EventDate "2009.08.03"]
[EventType "swiss"]
[EventRounds "7"]
[EventCountry "NED"]
[SourceTitle "CBM 132 Extra"]
[Source "ChessBase"]
[SourceDate "2009.11.03"]
[SourceVersion "1"]
[SourceVersionDate "2009.11.03"]
[SourceQuality "1"]

1. e4 e5 2. Nf3 Nc6 3. d4 exd4 4. Bc4 Nf6 5. e5 Ne4 6. Qe2 Nc5 7. Ng5 Ne6 8. h4 Be7 9. f4 b6 10. f5 Nxg5 11. hxg5 Bxg5 12. Qh5 Nxe5 13. Bxg5 g6 14. fxg6 fxg6 15. Qg4 Qxg5 16. Qxg5 Nxc4 17. Qd5 1-0

[Event "NED-ch U13"]
[Site "Rijswijk"]
[Date "2008.05.03"]
[Round "9"]
[White "Haver, Bas"]
[Black "Van Blitterswijk, Martijn"]
[Result "0-1"]
[WhiteElo "1498"]
[BlackElo "1415"]
[PlyCount "72"]
[EventDate "2008.05.01"]
[EventType "swiss"]
[EventRounds "9"]
[EventCountry "NED"]
[SourceTitle "EXT 2010"]
[Source "ChessBase"]
[SourceDate "2010.11.25"]
[SourceVersion "1"]
[SourceVersionDate "2010.11.25"]
[SourceQuality "1"]

1. d4 d5 2. c4 c6 3. Nc3 Nf6 4. Nf3 Bg4 5. Ne5 Bf5 6. Qb3 Qb6 7. cxd5 Qxb3 8. axb3 Nxd5 9. Nxd5 cxd5 10. e3 Nd7 11. Bb5 a6 12. Bxd7+ Bxd7 13. Nxd7 Kxd7 14. Bd2 e6 15. 0-0 Bd6 16. Rfc1 Rac8 17. g3 Rc7 18. Rc3 Rhc8 19. Rac1 b5 20. Ra1 Rc6 21. b4 e5 22. Rxc6 Rxc6 23. Bc3 exd4 24. exd4 Kc7 25. Re1 Kb6 26. Re8 Rc4 27. Rg8 Bxb4 28. Bxb4 Rxb4 29. Rxg7 Rxb2 30. Rxh7 a5 31. h4 a4 32. h5 a3 33. Rh8 a2 34. Ra8 Rb1+ 35. Kg2 a1Q 36. Rf8 Rg1+ 0-1

[Event "NED-ch U13"]
[Site "Rijswijk"]
[Date "2008.05.01"]
[Round "2"]
[White "Van Blitterswijk, Martijn"]
[Black "Meng, Roger"]
[Result "0-1"]
[WhiteElo "1415"]
[BlackElo "1852"]
[PlyCount "40"]
[EventDate "2008.05.01"]
[EventType "swiss"]
[EventRounds "9"]
[EventCountry "NED"]
[SourceTitle "EXT 2010"]
[Source "ChessBase"]
[SourceDate "2010.11.25"]
[SourceVersion "1"]
[SourceVersionDate "2010.11.25"]
[SourceQuality "1"]

1. d4 d5 2. c4 e6 3. Nc3 Nf6 4. Bg5 c6 5. Nf3 h6 6. Bh4 Nbd7 7. e3 Bd6 8. Qc2 0-0 9. Bd3 a6 10. c5 Bc7 11. g4 e5 12. dxe5 Nxe5 13. Nxe5 Bxe5 14. f4 Bc7 15. Rg1 Qe7 16. Qf2 d4 17. Nd1 dxe3 18. Nxe3 Re8 19. Kd2 Ba5+ 20. Ke2 Bxg4+ 0-1